| 000 | 01277nam a2200373 i 4500 | ||
|---|---|---|---|
| 001 | 194852 | ||
| 003 | SpMaBN | ||
| 005 | 20251019063100.0 | ||
| 007 | ta | ||
| 008 | 240520s1943 sp j spa | ||
| 016 | 7 |
_abimoBNE19980296894 _2SpMaBN |
|
| 035 | _aIND9100245361 | ||
| 035 | _a(OCoLC)733523978 | ||
| 035 | _abimo0000794024 | ||
| 040 |
_aSpMaBN _bspa _cA2 _dSpMaBN _eES-MaACL |
||
| 080 | _a821.161.1-32"18" | ||
| 100 | 1 |
_aDostoievski, Fiódor, _d1821-1881 _0XX1164367 _9242371 |
|
| 245 | 1 | 3 |
_aLa caída / _cFedor Dostoievski. |
| 260 |
_aMadrid : _b[Dédalo], _c1943. |
||
| 300 |
_a16 p. ; _c29 cm |
||
| 336 |
_2rdacontent _atexto |
||
| 337 |
_2rdamedia _asin mediación |
||
| 338 |
_2rdacarrier _avolumen |
||
| 490 | 1 | _aNovelas y cuentos | |
| 500 | _aIncluye "Una novela en nueve cartas" | ||
| 773 |
_0194742 _9202381 _gG-15981 _aObras encuadernadas juntas |
||
| 830 |
_9236505 _aNovelas y cuentos (Dédalo) |
||
| 852 |
_aES-MaACL _cDEPO2 _jG-15981(13) _xEncuadernado con otras obras formando un volumen facticio _9202381 _hLegado: Juan Antonio Porto |
||
| 903 |
_aPorto, Juan Antonio _q1 _ednr |
||
| 942 |
_n0 _cFOLLETOS |
||
| 999 |
_c194852 _d194852 |
||